000 00788nam a2200253Ia 4500
003 OSt
005 20220923224952.0
006 a|||||r|||| 00| 0
007 ta
008 220922b |||||||| |||| 00| 0 hin d
024 _a254,460
037 _cTextual
040 _aARTS
_cARTS
_bhin
041 _2hin
_ahin
082 _aO152,3N42,DD, L0
100 _aउपाध्याय, रमेश
245 0 _aदण्ड - द्वीप
246 _aDaṇḍa - dvīpa
260 _aदिल्ली
_b अक्षर प्रकाशन
_c1970
300 _a202पृ.
_ccm.
650 _aहिन्दी साहित्य
_9156264
942 _hO152,3N42,DD, L0
_cTEXL
_2CC
999 _c375080
_d375080